<?xml version="1.0" encoding="UTF-8"?>
<record
    xmlns:xsi="http://www.w3.org/2001/XMLSchema-instance"
    xsi:schemaLocation="http://www.loc.gov/MARC21/slim http://www.loc.gov/standards/marcxml/schema/MARC21slim.xsd"
    xmlns="http://www.loc.gov/MARC21/slim">

  <leader>05454nam a2200517Ia 4500</leader>
  <controlfield tag="001">dia_4665</controlfield>
  <controlfield tag="003">CHAP</controlfield>
  <controlfield tag="005">20241025135237.0</controlfield>
  <controlfield tag="007">ta</controlfield>
  <controlfield tag="008">220117s2010    mx bdeofrm    001 0 spa d</controlfield>
  <datafield tag="010" ind1=" " ind2=" ">
    <subfield code="a">175351</subfield>
  </datafield>
  <datafield tag="040" ind1=" " ind2=" ">
    <subfield code="c">CHAP</subfield>
    <subfield code="a">mxchpua</subfield>
    <subfield code="e">rda</subfield>
  </datafield>
  <datafield tag="041" ind1="0" ind2=" ">
    <subfield code="a">spa</subfield>
    <subfield code="b">eng</subfield>
  </datafield>
  <datafield tag="090" ind1=" " ind2=" ">
    <subfield code="a">Tesis </subfield>
    <subfield code="b">M47 </subfield>
    <subfield code="c">2010</subfield>
  </datafield>
  <datafield tag="100" ind1="1" ind2=" ">
    <subfield code="a">Merino Jim&#xE9;nez, Xicotencal</subfield>
  </datafield>
  <datafield tag="240" ind1="1" ind2="0">
    <subfield code="a">Project for the establishment of mango (Mangifera indica L.) and mexican plum (Spondias purpurea L.) packing located in Santa Cruz Zenzontepec, Oaxaca.</subfield>
    <subfield code="l">Espa&#xF1;ol</subfield>
  </datafield>
  <datafield tag="245" ind1="1" ind2="0">
    <subfield code="a">Proyecto para el establecimiento de una empacadora de mango (Mangafera indica L.) y ciruela mexicana (Spondias purpurea L.) en Santos Cruz Zenzontepec, Oaxaca /</subfield>
    <subfield code="c">Xicotencal Merino Jim&#xE9;nez</subfield>
  </datafield>
  <datafield tag="264" ind1=" " ind2=" ">
    <subfield code="a">Chapingo, M&#xE9;xico :</subfield>
    <subfield code="b">El autor,</subfield>
    <subfield code="c">2010</subfield>
  </datafield>
  <datafield tag="300" ind1=" " ind2=" ">
    <subfield code="a">viii, 109 hojas :</subfield>
    <subfield code="b">mapas, gr&#xE1;ficas, diagramas, tablas, fotos, planos +</subfield>
    <subfield code="e">1 CD-ROM</subfield>
  </datafield>
  <datafield tag="336" ind1=" " ind2=" ">
    <subfield code="2">rdacontent</subfield>
    <subfield code="a">texto</subfield>
    <subfield code="b">txt</subfield>
  </datafield>
  <datafield tag="337" ind1=" " ind2=" ">
    <subfield code="2">rdamedia</subfield>
    <subfield code="a">no mediado</subfield>
    <subfield code="b">n</subfield>
  </datafield>
  <datafield tag="338" ind1=" " ind2=" ">
    <subfield code="2">rdacarrier</subfield>
    <subfield code="a">volumen</subfield>
    <subfield code="b">nc</subfield>
  </datafield>
  <datafield tag="500" ind1=" " ind2=" ">
    <subfield code="a">El CD contiene el reporte --
Los planos est&#xE1;n incluidos en el reporte</subfield>
  </datafield>
  <datafield tag="502" ind1=" " ind2=" ">
    <subfield code="a">Tesis </subfield>
    <subfield code="b">(Ingeniero Agroindustrial) -- </subfield>
    <subfield code="c">UACh. Departamento de Ingenieria Agroindustrial,</subfield>
    <subfield code="d">2010</subfield>
  </datafield>
  <datafield tag="504" ind1=" " ind2=" ">
    <subfield code="a">Bibliograf&#xED;a: hojas 96-99</subfield>
  </datafield>
  <datafield tag="505" ind1=" " ind2=" ">
    <subfield code="a">6 planos --
1. Plano de distribuci&#xF3;n de &#xE1;reas --
2. Plano de distribuci&#xF3;n de equipos --
3. Plano estructural --
4. Plano vista principal --
5. Plano vista posterior --
6. Plano vista superior y lateral</subfield>
  </datafield>
  <datafield tag="520" ind1="3" ind2=" ">
    <subfield code="a">En este trabajo se propone el establecimiento de una empacadora de mango y ciruela mexicana en el municipio de Zenzontepec, Oaxaca que busca acondicionar la producci&#xF3;n de la regi&#xF3;n abarcando municipios circunvecinos y el mismo municipio donde se pretende localizar la planta. La propuesta de la instalaci&#xF3;n del empaque surge como una necesidad econ&#xF3;mica debido a que la producci&#xF3;n que se obtiene cada a&#xF1;o genera ingresos casi nulos para los productores, no existe forma alguna de comercializaci&#xF3;n y en consecuencia no genera una derrama econ&#xF3;mica importante para la regi&#xF3;n. Se analiz&#xF3; la factibilidad y la rentabilidad del proceso de acondicionamiento de acuerdo a las caracter&#xED;sticas de la materia prima y al mercado. La informaci&#xF3;n se obtuvo a trav&#xE9;s de revisiones bibliogr&#xE1;ficas de distintas y variadas fuentes, principalmente en las bibliotecas de la Universidad Aut&#xF3;noma Chapingo. Los resultados muestran que el proyecto es viable t&#xE9;cnica y econ&#xF3;micamente rentable, esto debido a que la TIR obtenida fue del 16%, mayor que la tasa de actualizaci&#xF3;n determinada (10%), por lo tanto el proyecto se acepta, adem&#xE1;s el valor actual neto fue de $1, 455, 697 el cual es mayor que cero y por consecuencia el proyecto tambi&#xE9;n cumple de manera satisfactoria con este indicador. En lo que respecta a la relaci&#xF3;n beneficio &#x2013; costo se obtuvo un valor de 1.11 lo que indica tambi&#xE9;n la viabilidad del proyecto. Por otra parte, se tiene que el proyecto es sensible al aumento de los costos de producci&#xF3;n y a la disminuci&#xF3;n de los ingresos por ventas. El monto total de inversi&#xF3;n es de $4,387, 965.  --</subfield>
  </datafield>
  <datafield tag="520" ind1="3" ind2=" ">
    <subfield code="a">In this project was proposed the installation of handle and Mexican plum packing to be located in Zenzontepec, Oaxaca, that it looks for conditioning the production of the region and surrounding municipalities and the same municipalities were it is tried to locate the plant. The proposal of the installation of the packing arises like an economic necessity because the production that obtains every year does not generate economic income to the producer, does not exist commercialization form some and by consequence it does not generate a major economic income for the region. It was analyzed the feasibility and the yield of the preparation process according to the characteristics of the raw material and to the market. The information was obtained through revisions bibliographical of different and varied sources, mainly in the libraries of the Autonomous University Chapingo. The results show that the project is viable economically profitable technique, this because the TIR obtained was 16%, higher than the discount rate determined (10%), therefore the project is accepted, also the net present value was $ 1, 455, 697 which is greater than zero and consequently the project also complies satisfactorily with this indicator. With respect to the benefit - cost was obtained a value of 1.11 which also indicates the feasibility of the project. On the other hand, the project is had is sensible to the increase of the production costs and to the diminution of the income by sales. The total amount of investment is of $4, 387, 965. </subfield>
  </datafield>
  <datafield tag="650" ind1="1" ind2="3">
    <subfield code="a">Ciruelas  </subfield>
    <subfield code="2">atg</subfield>
    <subfield code="x">Plantas empacadoras</subfield>
  </datafield>
  <datafield tag="650" ind1="1" ind2="3">
    <subfield code="a">Mangos  </subfield>
    <subfield code="2">atg</subfield>
    <subfield code="x">Plantas empacadoras</subfield>
  </datafield>
  <datafield tag="650" ind1="1" ind2="3">
    <subfield code="a">Iniciativa empresarial</subfield>
    <subfield code="z">M&#xE9;xico</subfield>
    <subfield code="z">Oaxaca  </subfield>
    <subfield code="2">atg</subfield>
  </datafield>
  <datafield tag="650" ind1="1" ind2="3">
    <subfield code="a">Mangoes  </subfield>
    <subfield code="2">atg</subfield>
    <subfield code="x">Packing houses</subfield>
  </datafield>
  <datafield tag="650" ind1="1" ind2="0">
    <subfield code="a">Plums  </subfield>
    <subfield code="2">atg</subfield>
    <subfield code="x">Packing houses</subfield>
  </datafield>
  <datafield tag="650" ind1="1" ind2="3">
    <subfield code="a">Entrepreneurship</subfield>
    <subfield code="z">M&#xE9;xico</subfield>
    <subfield code="z">Oaxaca</subfield>
    <subfield code="2">atg</subfield>
  </datafield>
  <datafield tag="700" ind1="1" ind2=" ">
    <subfield code="a">Ponce Hern&#xE1;ndez, Pedro</subfield>
    <subfield code="e">director</subfield>
  </datafield>
  <datafield tag="700" ind1="1" ind2=" ">
    <subfield code="a">Szymanski Duque, Rosa Guadalupe</subfield>
    <subfield code="e">asesora</subfield>
  </datafield>
  <datafield tag="700" ind1="1" ind2=" ">
    <subfield code="a">P&#xE9;rez L&#xF3;pez, Artemio</subfield>
    <subfield code="e">asesor</subfield>
  </datafield>
  <datafield tag="856" ind1="4" ind2="1">
    <subfield code="u">http://10.13.5.2/tesis/109451.pdf</subfield>
    <subfield code="y">DESCARGAR PDF</subfield>
  </datafield>
  <datafield tag="901" ind1=" " ind2=" ">
    <subfield code="a">Tesis M47 2010</subfield>
  </datafield>
  <datafield tag="902" ind1=" " ind2=" ">
    <subfield code="a">M</subfield>
  </datafield>
  <datafield tag="905" ind1=" " ind2=" ">
    <subfield code="a">0000002010                          MX A M 0000000000SPA00</subfield>
  </datafield>
  <datafield tag="942" ind1=" " ind2=" ">
    <subfield code="c">TESIS</subfield>
    <subfield code="2">Clasificaci&#xF3;n Universidad Aut&#xF3;noma Chapingo</subfield>
  </datafield>
  <datafield tag="999" ind1=" " ind2=" ">
    <subfield code="c">175351</subfield>
    <subfield code="d">175351</subfield>
  </datafield>
  <datafield tag="952" ind1=" " ind2=" ">
    <subfield code="0">0</subfield>
    <subfield code="1">0</subfield>
    <subfield code="2">local</subfield>
    <subfield code="4">0</subfield>
    <subfield code="5">5</subfield>
    <subfield code="7">0</subfield>
    <subfield code="8">TESIS</subfield>
    <subfield code="a">IA_</subfield>
    <subfield code="b">IA_</subfield>
    <subfield code="d">2022-01-18</subfield>
    <subfield code="e">El autor</subfield>
    <subfield code="l">1</subfield>
    <subfield code="o">Tesis M47 2010</subfield>
    <subfield code="p">1101013937</subfield>
    <subfield code="r">2026-02-02 00:00:00</subfield>
    <subfield code="s">2024-10-31</subfield>
    <subfield code="t">Ej. 2</subfield>
    <subfield code="w">2022-01-18</subfield>
    <subfield code="y">TESIS</subfield>
  </datafield>
  <datafield tag="952" ind1=" " ind2=" ">
    <subfield code="0">0</subfield>
    <subfield code="1">0</subfield>
    <subfield code="2">local</subfield>
    <subfield code="4">0</subfield>
    <subfield code="5">1</subfield>
    <subfield code="7">0</subfield>
    <subfield code="8">TESIS</subfield>
    <subfield code="a">IA_</subfield>
    <subfield code="b">IA_</subfield>
    <subfield code="d">2022-01-18</subfield>
    <subfield code="e">El autor</subfield>
    <subfield code="l">0</subfield>
    <subfield code="o">Tesis M47 2010</subfield>
    <subfield code="p">1101013936</subfield>
    <subfield code="r">2026-02-02 00:00:00</subfield>
    <subfield code="t">Ej. 1</subfield>
    <subfield code="w">2022-01-18</subfield>
    <subfield code="y">TESIS</subfield>
  </datafield>
  <datafield tag="952" ind1=" " ind2=" ">
    <subfield code="0">0</subfield>
    <subfield code="1">0</subfield>
    <subfield code="2">local</subfield>
    <subfield code="4">0</subfield>
    <subfield code="7">0</subfield>
    <subfield code="8">TesDigL</subfield>
    <subfield code="a">IA_</subfield>
    <subfield code="b">IA_</subfield>
    <subfield code="c">E_L</subfield>
    <subfield code="d">2024-10-25</subfield>
    <subfield code="e">El autor</subfield>
    <subfield code="l">0</subfield>
    <subfield code="p">1201013936</subfield>
    <subfield code="r">2024-10-25 14:55:50</subfield>
    <subfield code="w">2024-10-25</subfield>
    <subfield code="y">TD</subfield>
  </datafield>
</record>
